000 03204cam a2200361 4500500
005 20260208001346.0
041 _afre
042 _adc
100 1 0 _aHerlin-Giret, Camille
_eauthor
245 0 0 _aL’état et la richesse
260 _c2017.
500 _a73
520 _aCet article interroge le travail politique de définition de l’impôt de solidarité sur la fortune (ISF) en se penchant sur les débats qui animent l’Assemblée dans la seconde moitié des années 1970, en suivant des techniques discrètes de gouvernement et en examinant la répartition de la charge fiscale. À l’appui de matériaux variés – débats parlementaires, entretiens et archives notamment –, l’article montre que les discussions qui précèdent l’inscription de l’impôt sur la fortune dans la loi contribuent à faire émerger une distinction entre les « grandes fortunes », attachées à des « particuliers » et qu’il serait légitime de taxer et le « capital », associé à l’entreprise et qu’il faudrait protéger de l’impôt. Cette séparation trouve des prolongements dans l’exclusion progressive des biens professionnels de l’assiette de l’impôt, laquelle n’est pas sans effet sur les montants versés par les redevables. Ce faisant, l’article fournit un éclairage alternatif à l’histoire très partisane des réformes de l’impôt de solidarité sur la fortune (ISF).
520 _aThe state and wealthBased on several sources – including parliamentary debates, interviews and archives –, this paper analyses the political construction of wealth which influenced France’s wealth tax’s genesis and establishment, and this by analysing discussions on wealth tax in the second half of the 1970’s, by following hidden tools of government and by considering their effects upon the tax burden distribution. In the second half of the 1970’s, French parliamentary debates generated a new differentiation between “wealthy people”, related to private individuals, and “capital”, related to firms’ assets. When the former are supposed to pay a wealth tax, conversely the latter should not. This division has since been extended with the progressive elimination of “professional assets” from the wealth tax base, which has had significant effects on the distribution of tax receipts. In doing so, the paper offers an alternative story of the wealth tax which is shaped less by formal partisan disputes than is generally admitted.
690 _acatégorisation
690 _aconseillers patrimoniaux
690 _aimpôt de solidarité sur la fortune
690 _ainstruments
690 _alois de finances
690 _aparlement
690 _apolitique fiscale
690 _arichesse
690 _acategorization
690 _acongress
690 _afinance act
690 _atax policy
690 _atools
690 _awealth
690 _awealth managers
690 _awealth tax
786 0 _nGouvernement et action publique | VOL. 6 | 3 | 2017-11-15 | p. 37-60 | 2260-0965
856 4 1 _uhttps://shs.cairn.info/revue-gouvernement-et-action-publique-2017-3-page-37?lang=fr&redirect-ssocas=7080
999 _c1644743
_d1644743